<?xml version="1.0" encoding="UTF-8"?><?xml-stylesheet type="text/xsl" href="static/style.xsl"?><OAI-PMH xmlns="http://www.openarchives.org/OAI/2.0/" xmlns:xsi="http://www.w3.org/2001/XMLSchema-instance" xsi:schemaLocation="http://www.openarchives.org/OAI/2.0/ http://www.openarchives.org/OAI/2.0/OAI-PMH.xsd"><responseDate>2026-04-13T00:06:12Z</responseDate><request verb="GetRecord" identifier="oai:www.recercat.cat:20.500.14342/722" metadataPrefix="marc">https://recercat.cat/oai/request</request><GetRecord><record><header><identifier>oai:recercat.cat:20.500.14342/722</identifier><datestamp>2025-05-15T19:18:18Z</datestamp><setSpec>com_2072_482405</setSpec><setSpec>com_2072_183628</setSpec><setSpec>col_2072_482409</setSpec></header><metadata><record xmlns="http://www.loc.gov/MARC21/slim" xmlns:dcterms="http://purl.org/dc/terms/" xmlns:xsi="http://www.w3.org/2001/XMLSchema-instance" xmlns:doc="http://www.lyncode.com/xoai" xsi:schemaLocation="http://www.loc.gov/MARC21/slim http://www.loc.gov/standards/marcxml/schema/MARC21slim.xsd">
   <leader>00925njm 22002777a 4500</leader>
   <datafield ind2=" " ind1=" " tag="042">
      <subfield code="a">dc</subfield>
   </datafield>
   <datafield ind2=" " ind1=" " tag="720">
      <subfield code="a">Oviedo, Guillermo R.</subfield>
      <subfield code="e">author</subfield>
   </datafield>
   <datafield ind2=" " ind1=" " tag="720">
      <subfield code="a">Alamo Pindado, Juan Mariano</subfield>
      <subfield code="e">author</subfield>
   </datafield>
   <datafield ind2=" " ind1=" " tag="720">
      <subfield code="a">Niño Mendez, Oscar Adolfo</subfield>
      <subfield code="e">author</subfield>
   </datafield>
   <datafield ind2=" " ind1=" " tag="720">
      <subfield code="a">Travier, Noémie</subfield>
      <subfield code="e">author</subfield>
   </datafield>
   <datafield ind2=" " ind1=" " tag="720">
      <subfield code="a">Ventura, Jose L.</subfield>
      <subfield code="e">author</subfield>
   </datafield>
   <datafield ind2=" " ind1=" " tag="720">
      <subfield code="a">Soto-Montañez, Carlos A.</subfield>
      <subfield code="e">author</subfield>
   </datafield>
   <datafield ind2=" " ind1=" " tag="720">
      <subfield code="a">Vidal Samsó, Joan</subfield>
      <subfield code="e">author</subfield>
   </datafield>
   <datafield ind2=" " ind1=" " tag="720">
      <subfield code="a">Medina, Josep</subfield>
      <subfield code="e">author</subfield>
   </datafield>
   <datafield ind2=" " ind1=" " tag="720">
      <subfield code="a">Javierre Garcés, Casimiro F.</subfield>
      <subfield code="e">author</subfield>
   </datafield>
   <datafield ind2=" " ind1=" " tag="260">
      <subfield code="c">2021-01-01</subfield>
   </datafield>
   <datafield ind2=" " ind1=" " tag="520">
      <subfield code="a">Introduction: Maximal oxygen uptake (VO2) may be one of the most important variables in the study of the responses ofpeople  with  spinal  cord  injury  (SCI)  and  without  SCI  to  physical  exercise.  The  results  achieved  during  its  assessment  serve  as  adiagnostic and health indicator in clinical settings. Objective: this study aimed to investigatethe physiological responses in males withand without SCI performing a maximal incremental test on an asynchronous arm crank ergometer (ACr) and on a recumbent synchronoushandbike ergometer (HB). Methods: ten males with SCI and 11 able-bodied males (AB group) participated in this study. Two maximalgraded  exercise  tests  were  performed,  starting  at  10  watts  and  increasing  the  workload  by  10  watts  every  minute  until  exhaustion.Results: the AB group achieved lower workloads and absolute VO2 values than the SCI group during the HB test (all p &lt; 0.05). Thesubmaximal values of the relative VO2 peak and RER at workloads between 40-90 watts showed significant differences between SCI andAB on HB and ACr. Significant linear relationships between workload and relative VO2 peak were found during the HB test (p &lt; 0.001).Conclusions: these findings demonstrate that there are different physiological responses between adults with and without SCI whenperforming maximal and submaximal arm-ergometry. Interestingly, higher VO2 peak and workloads were achieved by the SCI group. Inaddition, specific prediction equations derived from the current study can be used to calculate the relative VO2 peak in handbikers withand without SCI.</subfield>
   </datafield>
   <datafield ind2=" " ind1=" " tag="520">
      <subfield code="a">Introducción: el consumo de oxígeno (VO2) es una de las variables más importantes en el estudio de la respuesta al ejercicioen personas con y sin lesión medular (SCI; AB). Objetivo: en este estudio se analizaron las respuestas fisiológicas en hombres adultos cony sin SCI al realizar pruebas de esfuerzo máximas en un ergómetro de brazos asincrónico (ACr) en sedestación y en un ergómetro debrazos sincrónico (HB) en posición supina. Métodos: diez hombres con SCI y 11 sin SCI participaron en este estudio. Dos pruebas deesfuerzo gradual fueron realizadas por cada participante, iniciando a 10 watts e incrementando la carga 10 watts cada minuto. Resultados:el grupo sin SCI alcanzó cargas y VO2 menores que los participantes con SCI durante el test en HB (p &lt; 0.05). Los valores submáximospara el VO2 relativo y el RER a cargas de 40-90 watts fueron estadísticamente diferentes entre los grupos en ambos tests. Se observó unacorrelación lineal entre las cargas de trabajo y el VO2 relativo durante el test en HB (p &lt; 0.001). Conclusiones: los resultados obtenidosen  este  estudio  demuestran  que  existen  respuestas  fisiológicas  diferentes  entre  personas  con  y  sin  SCI  cuando  realizan  pruebas  deesfuerzo con cargas máximas y submáximas. Llamativamente, el grupo SCI alcanzó mayores cargas de trabajo y VO2 que los no SCI.Finalmente, se presentan dos ecuaciones específicas para obtener el VO2 de manera indirecta en personas con y sin SCI mediante el usode un HB.</subfield>
   </datafield>
   <datafield ind1="8" ind2=" " tag="024">
      <subfield code="a">http://hdl.handle.net/20.500.14342/722</subfield>
   </datafield>
   <datafield ind1="8" ind2=" " tag="024">
      <subfield code="a">https://doi.org/10.47197/retos.v0i39.77835</subfield>
   </datafield>
   <datafield tag="653" ind2=" " ind1=" ">
      <subfield code="a">Exercici -- Aspectes fisiològics</subfield>
   </datafield>
   <datafield tag="653" ind2=" " ind1=" ">
      <subfield code="a">Proves d'esforç</subfield>
   </datafield>
   <datafield tag="653" ind2=" " ind1=" ">
      <subfield code="a">Medul·la espinal -- Ferides i lesions</subfield>
   </datafield>
   <datafield tag="653" ind2=" " ind1=" ">
      <subfield code="a">Discapacitats</subfield>
   </datafield>
   <datafield ind2="0" ind1="0" tag="245">
      <subfield code="a">Physiological responses in males with and without spinal cord injury to recumbent synchronous versus seated asynchronous arm crank stress tests</subfield>
   </datafield>
</record></metadata></record></GetRecord></OAI-PMH>